| 000 | 01058nam a2200205 i 4500 | ||
|---|---|---|---|
| 001 | 70992 | ||
| 003 | ES-MaACL | ||
| 005 | 20230906171003.0 | ||
| 007 | t| | ||
| 008 | 040804s1903 sp ||||1| spa d | ||
| 100 | 1 |
_aGascón y Miramón, Antonio. _955868 |
|
| 245 | 1 | 0 |
_aEstudios sobre los carbones de Teruel y especialmente sobre la cuenca de Utrillas / _cpor Antonio Gascón ; con la colaboración de Emiliano de la Cruz y Díaz, ncluyendo un extracto de los juicios de varios autores, un informe inédito de Manuel Abad y Boned, ... reproducción de otro informe de José de Sendra ... y una nota acerca de los hogares para lignitos por J. Ugarte. |
| 260 |
_aMadrid : _bRicardo Rojas, _c1903. |
||
| 300 |
_aVII, 170 p., [5] h. de lám. : il., mapas ; _c26 cm. |
||
| 530 | _aDisponible en formato digital. | ||
| 650 | 4 |
_aMinas de carbón- _zTeruel (Provincia) _9161125 |
|
| 700 | 1 |
_aCruz y Díaz, Emiliano de la. _9161126 |
|
| 852 |
_aES-MaACL _jT-1052-F-6 |
||
| 856 |
_uhttp://bdh-rd.bne.es/viewer.vm?id=0000131754&page=1 _zBiblioteca Digital Hispánica |
||
| 999 |
_c70992 _d70992 |
||